<Die> GmbH-Rechte in den EG-Staaten
Salvato in:
| Natura: | Libro |
|---|---|
| Lingua: | tedesco |
| Pubblicazione: |
Köln
Schmidt
1993
|
| Edizione: | 1. Aufl. |
| Soggetti: | |
| Tags: |
Nessun Tag, puoi essere il primo ad aggiungerne!!
|
MARC
| LEADER | 00000nam a2200000 4500 | ||
|---|---|---|---|
| 001 | c004341 | ||
| 005 | 20221214084001.8 | ||
| 020 | |a 3-504-64626-8 | ||
| 041 | 0 | |a ger | |
| 044 | |a DE | ||
| 245 | 1 | 0 | |a <Die> GmbH-Rechte in den EG-Staaten |
| 250 | |a 1. Aufl. | ||
| 264 | 1 | |a Köln |b Schmidt |c 1993 | |
| 300 | |a 279 s. | ||
| 610 | 2 | 0 | |a spoločnosti s r.o. |
| 610 | 2 | 0 | |a Európske spoločenstvá |
| 610 | 2 | 0 | |a predpisy právne |